00538nam a22001937a 450000500170000001000130001702000100003003700160004004000120005608200170006810000160008524500830010126000400018427000450022430000200026965000220028965000180031170000150032920170124105931.0 aA-835000 c00.00 bCen Lib/Ret aDPLbEN a320.954bDAY aDayal, John aDelhi under emergency :cby John Dayal [and] Ajoy Bosebfor reasons of state / aNew Delhi bOrient Paperbacksc1977 a36 C, Connaught PlacebNew Delhie110032 a217p.c17cm(Hb) aPolitical science aDelhi (India) aBose, Ajoy